Spell the Marvel Hero #65 - Statistics

General Stats
  • This quiz has been taken 15 times
  • The average score is 5 of 6
Answer Stats
Picture Answer % Correct
Old Man Logan
100%
Emma Frost
86%
Gambit
86%
Aurora
71%
Omega
71%
Major Victory
57%
No matching quizzes found
Score Distribution
Percent of People with Each Score
Percentile by Number Answered
Your Score History
You have not taken this quiz